A judicialização da vida : (Record no. 310)

MARC details
000 -LÍDER
Campo Fixo de Controle 00692nam a22002297a 4500
001 - NÚMERO DE CONTROLE
Campo de Controle 310
003 - IDENTIFICAÇÃO DO NÚMERO DE CONTROLE
Campo de Controle BR-CuiBMT
005 - DATA E HORA DA ÚLTIMA ATUALIZAÇÃO
Campo de Controle 20231024002934.0
008 - DADOS FIXOS
Dados Fixos 230929s2018 mgb 000 0 por d
020 ## - INTERNATIONAL STANDARD BOOK NUMBER
Nº do ISBN 9788545004042
040 ## - AGÊNCIA CATALOGADORA
Código da Agência Catalogadora BR-CuiBMT
Agência que transcreveu o registro BR-CuiBMT
080 ## - Nº DA CLASSIFICAÇÃO DECIMAL UNIVERSAL
Nº edição CDU 2007
Nº Class. CDU 342.531.43
090 ## - NÚMERO DE CHAMADA
Nº classificação 342.531.43
Cutter B277a
100 10 - ENTRADA PRINCIPAL -- AUTOR PESSOAL
Nome pessoal Barroso, Luís Roberto,
Datas associadas ao nome 1958-
245 00 - TÍTULO PRINCIPAL
Título principal A judicialização da vida :
Subtítulo e o papel do supremo tribunal federal /
Indicação de responsabilidade Luís Roberto Barroso
260 ## - PUBLICAÇÃO, DISTRIBUIÇÃO, ETC.
Local de publicação Belo Horizonte :
Editora Fórum,
Data 2018.
300 ## - DESCRIÇÃO FÍSICA
N. páginas ou volumes 290 p. ;
Dimensões 22 cm
504 ## - NOTA DE BIBLIOGRAFIA, ETC.
Nota de bibliografia Inclui bibliografia.
650 ## - ASSUNTO TÓPICO
Cabeçalho tópico ou nome geográfico Direito constitucional
650 ## - ASSUNTO TÓPICO
Cabeçalho tópico ou nome geográfico Supremo Tribunal Federal (Brasil)
942 ## - ELEMENTOS DE ENTRADA ADICIONAIS (KOHA)
Fonte de classificação ou esquema de arquivamento Classificação Decimal Universal
Tipo de item do Koha Livros
Holdings
Estado: removido Estado: perdido Fonte de classificação ou esquema de arquivamento Estado: danificado Indisponível para empréstimo Localização permanente Localização atual Data de aquisição Total Checkouts Número de Chamada completo Código de barras Date last seen Número do exemplar Preço efetivo a partir de Tipo de item (Koha)
    Classificação Decimal Universal     Biblioteca da Escola Superior de Contas do TCE/MT Biblioteca da Escola Superior de Contas do TCE/MT 29/09/2023   342.531.43 B277j BIBTCEMT23090112 29/09/2023 Ex. 1 29/09/2023 Livros
    Classificação Decimal Universal     Biblioteca da Escola Superior de Contas do TCE/MT Biblioteca da Escola Superior de Contas do TCE/MT 29/09/2023   342.531.43 B277j BIBTCEMT23090113 29/09/2023 Ex. 2 29/09/2023 Livros
    Classificação Decimal Universal     Biblioteca da Escola Superior de Contas do TCE/MT Biblioteca da Escola Superior de Contas do TCE/MT 29/09/2023   342.531.43 B277j BIBTCEMT23090114 29/09/2023 Ex. 3 29/09/2023 Livros

Powered by Koha